000 00248nam a22001217a 4500
003 SGT
082 _a657.042
_bBHA
100 _aBHATTACHARYA,K.A
245 _aESSENTIALS OF FINANCIAL ACCOUNTING
250 _a3RD
260 _aPHI
942 _2ddc
_cCD
999 _c24319
_d24319